Ortanın solu (Record no. 1015)
[ view plain ]
| 000 -BAŞLIK | |
|---|---|
| Sabit Uzunlukta Kontrol Alanı | 00553na a2200205 4500 |
| 001 - KONTROL NUMARASI | |
| Denetim Alanı | 15994 |
| 003 - KONTROL NUMARASI IDENTIFIER | |
| Denetim Alanı | MIRAKIL |
| 005 - SON İŞLEM TARİHİ VE ZAMANI | |
| Denetim Alanı | 20181213154809.0 |
| 008 - SABİT-BOY VERİ ELEMANLARI - GENEL BİLGİLER | |
| Sabit Uzunlukta Kontrol Alanı | 160928b tu 000 0 |
| 040 ## - KATALOGLAMA KAYNAK | |
| Orijinal Kataloglama Ajansı | Milas |
| Kataloglama Dili | tur |
| Metne Dönüştürmek Ajansı | TR-AnCHP |
| 082 ## - DEWEY ONLU SINIFLANDIRMA NUMARASI | |
| Sınıflandırma Numarası | CHP 324.2172 Ecevit |
| Ürün Numarası | E13o 1966 |
| 090 ## - SINIFLAMA NUMARASI | |
| Sınıflama Numarası | CHP 324.2172 Ecevit E13o 1966 |
| 100 ## - ANA GİRİŞ - KİŞİSEL İSİM | |
| Kişisel Ad | Ecevit, Bülent |
| Bir Adıyla İlişkilendirilen Tarihler | 1925-2006 |
| 245 ## - BAŞLIK TABLOSU | |
| Başlık | Ortanın solu |
| Sorumluluk Tablosu, Vb | Bülent Ecevit |
| 250 ## - EDITION TABLOSU | |
| Baskı Beyanı | 3.bs. |
| 260 ## - YAYIN, DAĞITIM, VB | |
| Yayın, Dağıtım, Vb Yeri | Ankara |
| Yayıncı, Dağıtıcı, Vs Adı | KİM Yayınları |
| Yayın, Dağıtım, Vb Tarihi | 1966 |
| 300 ## - FİZİKSEL TANIM | |
| Kapsam | 120 s. |
| Boyutlar | 20 sm. |
| 610 ## - KONU KATMA GİRİŞ - TOPLANTI ADI | |
| Giriş Elemanı Olarak Kurumsal Ad Veya Yargı Alanı Adı | CHP |
| Genel Alt Bölüm | Demokratik sol |
| 942 ## - EKLENDİ GİRİŞ ELEMANLARI (KOHA) | |
| Sınıflandırma Veya Raf Düzeni Kaynak | Dewey Decimal Classification |
| Koha Öğesi Türü | Books |
| 999 ## - SİSTEM KONTROL NUMARALARI (KOHA) | |
| Koha Biblionumber | 1015 |
| Koha Biblioitemnumber | 1015 |
| Kalıcı Konum | Mevcut Konum | Edinme Tarihi | Edinim Kaynak | Toplam Check-Out'Lar | Tam Çağrı Numarası | Barkod | Tarih Son Görülme | Tarihi Geçen Teslim | İtibaren Geçerli Fiyatlar | Koha Öğesi Türü | Sigara Kamu Notu |
|---|---|---|---|---|---|---|---|---|---|---|---|
| CHP Kütüphanesi | CHP Kütüphanesi | 09/28/2016 | Bağış | 2 | CHP 324.2172 Ecevit E13o 1966 | 004618 | 01/13/2021 | 11/26/2020 | 09/28/2016 | Books | |
| CHP Kütüphanesi | CHP Kütüphanesi | 08/17/2020 | 1 | CHP 324.2172 Ecevit E13o 1966 | 019380 | 01/13/2021 | 11/26/2020 | 08/17/2020 | Books | Emine Başak Alkan Bağışıdır. |
